1635 1804 1050 1305 1759 1923 1998 1077 1766 1728 1682 1169 1010 1985 1664 1401 1680 1249 1112 1902 1403 1697 1440 1973 1986 1728 1526 1383 1323 1222 1332 1285 1830 1743 1089 1813 1470 1894 1284 1115 1567 1938 1741 1629 1689 1049 1476 1032 1869 1247 1421 1451 1570 1801 1210 1124 1760 1870 1383 1564 1351 1092 1948 1131 1901 1776 1439 1212 1571 1863 1929 1559 1049 1188 1928 1503 1365 1105 1720 1129 1616 1942 1131 1063 1166 1483 1913 1783 1471 1394 1723 1678 1493 1401 1020 1834 1435 1691 1930 BCNSPRNW ULIB Ver.6.0+V

เปลี่ยนเป็นภาษาไทย

Change to English
 แสดงรายละเอียดบรรณานุกรม
  กลับหน้าหลัก

Brief Record : Get Marc (ISO 2709) : E-mail record : QR code < ปิดหน้าต่าง
LEADER : 00000nam 2200000uu 4500
001    13399108918
003     ULIB
008    110316s2544||||th 000 0 tha d
020    9742960461
060 04 W225.JT3^bข282น 2544
245 00 ข้อเสนอระบบหลักประกันสุขภาพถ้วนหน้า /^cจัดทำโดยคณะทำงานพัฒนานโยบายหลักประกันสุขภาพถ้วนหน้า
250    พิมพ์ครั้งที่ 1
260    นนทบุรี :^bสถาบันวิจัยระบบสาธารณสุข,^c2544
300    ix, 126 หน้า ;^c26 ซม.
650  2 Insurance, Health^zThailand
650  2 Medically Uninsured^zThailand
650  7 บริการทางการแพทย์
650  7 ประกันสุขภาพ^zไทย
710 2  คณะทำงานพัฒนานโยบายหลักประกันสุขภาพถ้วนหน้า
710 2  สถาบันวิจัยระบบสาธารณสุข
945    ^p95^l0^i015662
995    ทศพร
999 ^a ใช้งานได้ทุกระบบ
รายการนี้ยังไม่มีแท็ก
คุณยังไม่ได้ล็อกอิน คุณสามารถมีกิจกรรมร่วมกับเว็บไซต์ได้ แต่ต้องล็อกอินก่อน ::
  ล็อกอิน

รายการสื่อสารสนเทศ

ลำดับที่ ประเภท เลขเรียก/บาร์โค้ด สถานที่ สถานะ
- ไม่พบข้อมูล -

รายการใกล้เคียง
    หัวเรื่อง [บริการทางการแพทย์]

BibComment


ยังไม่เคยถูกคอมเมนท์

คอมเมนท์ทรัพยากรรายการนี้
  คอมเมนท์: ข้อเสนอระบบหลักปร..


 Copyright 2026. Bcnsprnw @Library